| 000 | 00402nam a2200133Ia 4500 | ||
|---|---|---|---|
| 008 | 211119s9999||||xx |||||||||||||| ||und|| | ||
| 082 |
_a920 _bJAY-K |
||
| 100 | _aJayakumar, Prema | ||
| 245 | 0 | _aKarunakaramenonum Eastindiacompaniyum | |
| 260 |
_bMathrubhoomi Books _aKottayam _c2009 |
||
| 300 | _a99p | ||
| 650 |
_aHistory _vBiographyGreat PersonalitiesEconomics _xPGR-GANDHIAN STUDIES |
||
| 942 | _cBOOK | ||
| 999 |
_c108027 _d108027 |
||